Conjuguer les verbes en -ger - Statistiques

Statistiques générales
  • Ce quiz a été pris 387 fois
    323 depuis la dernière actualisation
  • Le résultat moyen est 54 sur 60
Statistiques - réponses
MANGER % Correct
je mange
100%
il/elle/on mange
100%
tu manges
98%
vous mangez
96%
bouge
95%
bouge
95%
nous mangeons
95%
voyage
95%
voyage
95%
voyages
95%
ils/elles mangent
94%
bougent
93%
bougeons
93%
bouges
93%
bougez
93%
change
93%
change
93%
voyagent
93%
voyageons
93%
voyagez
93%
corrige
92%
corrige
92%
changes
91%
changeons
90%
changez
90%
nage
90%
nage
90%
changent
89%
corriges
89%
dégage
89%
dégage
89%
corrigent
88%
corrigeons
88%
corrigez
88%
dégages
88%
déménage
88%
déménage
88%
néglige
88%
néglige
88%
dégagent
87%
dégageons
87%
dégagez
87%
nages
87%
déménages
86%
nagent
86%
nageons
86%
nagez
86%
négliges
85%
protège
85%
protège
85%
déménageons
84%
négligent
84%
négligeons
84%
négligez
84%
déménagent
83%
déménagez
83%
protèges
83%
protègent
82%
protégeons
82%
protégez
82%
Aucun quiz correspondant
Distribution des résultats
% des personnes avec chaque résultat
Percentile par nombre de réponses
Votre historique - résultats
Vous n’avez pas pris ce quiz depuis la dernière actualisation